000 00267nam a22001337a 4500
008 170928b xxu||||| |||| 00| 0 eng d
020 _all5117a
041 _aeng
080 _a37
100 _a47
101 _aEDU
245 _aLSAT
_cALEXEEF,M
942 _2udc
_cBK
999 _c30462
_d30462